Mario enemies - Statistics

General Stats
  • This quiz has been taken 28 times
  • The average score is 11 of 24
Answer Stats
Answer % Correct
Koopa
100%
Goomba
88%
Piranha plant
88%
Boo
75%
Cheep Cheep
75%
Blooper
63%
Bob Omb
56%
Spiny
56%
Bullet Bill
50%
Chain Chomp
50%
Dry Bones
50%
Shy guy
50%
Spike
50%
Monty Mole
38%
Pokey
38%
Thwomp
38%
Wiggler
31%
Fuzzy
25%
Bully
19%
Gushen
6%
Huckit Crab
6%
Mouser
6%
Sidestepper
6%
Urchin
6%
No matching quizzes found
Score Distribution
Percent of People with Each Score
Percentile by Number Answered
Your Score History
You have not taken this quiz